000 00686nas a2200241 4500
001 BR8205757
003 BR-BrBNA
005 20231205085304.0
007 ta
008 230509b bl.|||p| |||| 00| 00por d
040 _aBR-BrBNA
_bpor
_cBiblioteca Nacional de Agricultura
041 _a(Pt)
072 _aS10
100 1 _aLaguna, E.
245 1 _aUma questao de cor [ovo, valor nutritivo, Brasil]
650 _aOVO
650 _aCASCA DE OVO
650 _aPIGMENTACAO
650 _aVALOR NUTRITIVO
773 0 _tAvicultura Industrial (Brazil)
_xISSN 0101-2258
_g(Feb 1982), v. 72(866) p. 20-21
_wBR8205757
909 _a202311
_bLúcia
_c55
_dLúcia Elande
942 _2AGRIS
_n0
_cANA
999 _c110498
_d110498